| 000 | 05472cam a22012614i 4500 | ||
|---|---|---|---|
| 003 | PE-LiUPU | ||
| 005 | 20250813185415.0 | ||
| 008 | 180417s2016 sp a rb 000 0 spa d | ||
| 020 | _a6123041096 | ||
| 020 | _a9786123041090 | ||
| 035 | _a(Sirsi) a241671 | ||
| 040 |
_aPE-LiUPU _bspa _cPE-LiUPU _erda |
||
| 049 | _aPRUA | ||
| 082 | 0 | 4 |
_a316.46 _bD68 _220 |
| 100 | 1 |
_aDíaz Chuquipiondo, Richard, _eautor. |
|
| 245 | 1 | 0 |
_aActitud mental positiva para el desarrollo empresarial : _bdesarrollando el espíritu emprendedor / _cRichard Díaz Chuquipiondo. |
| 250 | _aPrimera edición. | ||
| 264 | 1 |
_aBarcelona : _bMacro, _c2016. |
|
| 300 |
_a166 páginas : _bilustraciones ; _c24 centímetros |
||
| 336 |
_atext _2rdacontent |
||
| 337 |
_aunmediated _2rdamedia |
||
| 338 |
_avolume _2rdacarrier |
||
| 504 | _aBibliografía: páginas 165-166. | ||
| 505 | 0 | _aVivir el mismo día, todos los días -- Nadie puede llenar un vaso que ya está lleno -- Pensamiento de los consumistas -- Formas de despedirse de la mentalidad consumista -- Formas de despedirse de la conducta equivoca -- Despídase de su cómodo escritorio -- Superar la personalidad consumista para alcanzar el triunfo -- No se puede hacer -- Eso es como querer que el cielo sea rosado -- Quién te asegura que vas a ganar -- Loro viejo no aprende a hablar -- Eres muy joven para empezar -- Tengo prisa por comenzar -- Análisis de la biografía de Madam C.J Walker -- Construyendo el modelo de empresario -- De la experiencia al conocimiento -- Construyendo el modelo de empresario -- Los modelos empresariales y el éxito -- Modelo Henry Ford -- Modelo Horst Paulmann -- Modelo Philip Knight -- Modelo familia Añaños -- De la experiencia al conocimiento -- Antes de reestructurar la empresa tiene que reestructurarse el jefe -- Si un cambio no significa explícitamente mejora, no la realice -- El líder no tiene amigos -- Razones -- No interesa tener la razón sino mantener el objetivo -- Desmitificaciones sobre la razón y la emoción -- Sugerencias -- Tú preocúpate por ser mejor; yo, de tu bienestar -- La felicidad en lo que se hace -- Aspectos generales -- Cómo pensar en forma positiva -- Formas de calificar un problema -- Técnicas para ser positivo -- Optimista con realismo -- Aprende a expresar bendiciones -- Despídete y vive -- Tener un propósito en la vida -- Jugar con ganas -- Lectura: La biografía de Roberto Goizueta, CEO de Coca Cola -- Enseñar aprendiendo -- Líder y guía -- Principio del empresario: Ser justo -- Profesión, profesionales y liderazgo empresarial --Flujograma del conocimiento -- Saber el rendimiento de los colaboradores -- Tipos de colaboradores -- Tipos de empresas -- Evolución de un emprendedor interno -- De aprendiz a indispensable -- Desarrollar las potencialidades del personal -- El capitalismo según el egoísta -- Lectura: El empresario formado en el cuerpo de marines de EE.UU. | |
| 526 | _aP202 | ||
| 526 | _aP201 | ||
| 526 | _aP163 | ||
| 526 | _aP162 | ||
| 526 | _aP161 | ||
| 526 | _aP160 | ||
| 526 | _aP148 | ||
| 526 | _aP147 | ||
| 526 | _aP146 | ||
| 526 | _aP145 | ||
| 526 | _aP144 | ||
| 526 | _aP143 | ||
| 526 | _aP142 | ||
| 526 | _aP141 | ||
| 526 | _aP140 | ||
| 526 | _aP139 | ||
| 526 | _aP138 | ||
| 526 | _aP137 | ||
| 526 | _aP136 | ||
| 526 | _aP135 | ||
| 526 | _aP134 | ||
| 526 | _aP133 | ||
| 526 | _aP129 | ||
| 526 | _aP128 | ||
| 526 | _aP127 | ||
| 526 | _aP120 | ||
| 526 | _aP119 | ||
| 526 | _aP118 | ||
| 526 | _aP116 | ||
| 526 | _aP115 | ||
| 526 | _aP114 | ||
| 526 | _aP110 | ||
| 526 | _aP109 | ||
| 526 | _aP108 | ||
| 526 | _aP104 | ||
| 526 | _aP103 | ||
| 526 | _aP102 | ||
| 526 | _aP99 | ||
| 526 | _aP98 | ||
| 526 | _aP97 | ||
| 526 | _aP96 | ||
| 526 | _aP95 | ||
| 526 | _aP93 | ||
| 526 | _aP90 | ||
| 526 | _aP89 | ||
| 526 | _aP88 | ||
| 526 | _aP83 | ||
| 526 | _aP82 | ||
| 526 | _aP62 | ||
| 526 | _aP59 | ||
| 526 | _aP58 | ||
| 526 | _aP57 | ||
| 526 | _aP51 | ||
| 526 | _aP49 | ||
| 526 | _aP48 | ||
| 526 | _aP47 | ||
| 526 | _aP29 | ||
| 526 | _aP24 | ||
| 526 | _aP20 | ||
| 526 | _aP19 | ||
| 526 | _aP17 | ||
| 526 | _aP15 | ||
| 526 | _aP14 | ||
| 526 | _aP12 | ||
| 526 | _aP10 | ||
| 526 | _aP09 | ||
| 526 | _aP08 | ||
| 526 | _aP07 | ||
| 526 | _aP06 | ||
| 526 | _aP05 | ||
| 526 | _aP04 | ||
| 526 | _aP01 | ||
| 650 | 1 | 7 |
_aLiderazgo. _2embne |
| 910 |
_adbm _bwmm _cwmm _d20180417 |
||
| 910 |
_adbm _bncf _cncf _d20190508 |
||
| 942 |
_2ddc _cBOOK |
||
| 994 |
_aC0 _bPEPRU |
||
| 596 | _a1 | ||
| 999 |
_a316.46 D68 _wDEWEY _c27251 _i78378 _d27251 _f2021-11-5 _g4 _lCCODEBUL1 _mBUL _p57.00 _q1 _r0 _sY _tBOOK _u2018-4-17 _xFCE _PP04 _0COMPRA _1FCOMPRA _o.STAFF. Colección Ciencias Empresariales |
||
| 999 |
_a316.46 D68 _wDEWEY _c2 _i78379 _d2018-4-19 _f2021-11-5 _g4 _lCCODEBUL1 _mBUL _p57.00 _q1 _r0 _sY _tBOOK _u2018-4-17 _xFCE _PP04 _0COMPRA _1FCOMPRA _o.STAFF. Colección Ciencias Empresariales |
||
| 999 |
_a316.46 D68 _wDEWEY _c3 _i78380 _d2018-4-19 _f2021-11-5 _g4 _lCCODEBUL1 _mBUL _p57.00 _q1 _r0 _sY _tBOOK _u2018-4-17 _xFCE _PP04 _0COMPRA _1FCOMPRA _o.STAFF. Colección Ciencias Empresariales |
||
| 999 |
_a316.46 D68 _wDEWEY _c4 _i78381 _d2018-4-19 _f2021-11-5 _g4 _lCCODEBUL1 _mBUL _p57.00 _q1 _r0 _sY _tBOOK _u2018-4-17 _xFCE _PP04 _0COMPRA _1FCOMPRA _o.STAFF. Colección Ciencias Empresariales |
||
| 980 |
_81 _gALBERTO SANCHEZ Responsable de Automatización |
||